书目信息 |
| 题名: |
国际经济学
|
|
| 作者: | Appleyard, , 菲尔德, , Field, , 阿普尔亚德, 著 ;陈琛 , 高倩倩 , 龚敏 译 | |
| 分册: | ||
| 出版信息: | 北京 机械工业出版社 2003.7 |
|
| 页数: | 12,619页 | |
| 开本: | 28cm | |
| 丛书名: | 华章教育 | |
| 单 册: | ||
| 中图分类: | F11-0 | |
| 科图分类: | ||
| 主题词: | 国际经济学--guo ji jing ji xue , 国际经济学--guo ji jing ji xue--教材 | |
| 电子资源: | ||
| ISBN: | 7-111-12144-9 | |
| 000 | 01560nam0 2200385 45 | |
| 001 | 012003083311 | |
| 005 | 20061229112714.17 | |
| 010 | @a7-111-12144-9@dCNY76.00 | |
| 100 | @a20031218d2003 em y0chiy0121 ea | |
| 101 | 1 | @achi@ceng |
| 102 | @aCN@b110000 | |
| 105 | @ay a 000yy | |
| 200 | 1 | @a国际经济学@Aguo ji jing ji xue@d= International economics@f(美)丹尼斯 R. 阿普尔亚德[Dennis R. Appleyard], (美)小艾尔佛雷德 J. 菲尔德[Alfred J. Field]著@g龚敏, 陈琛, 高倩倩译@zeng |
| 210 | @a北京@c机械工业出版社@d2003.7 | |
| 215 | @a12,619页@d28cm | |
| 225 | 2 | @a华章教育@Ahua zhang jiao yu@i经济教材译丛 |
| 304 | @a书名原文: International economics | |
| 305 | @a据原书第4版译出 | |
| 306 | @a与美国麦格劳-希尔教育出版(亚洲)出版公司合作出版 | |
| 320 | @a附参考文献 (第600-619页) | |
| 330 | @a本书全面系统地介绍了国际经济学的两大分支——国际贸易理论与政策、国际货币理论与政策的主要内容。 | |
| 410 | 0 | @12001 @a华章教育@i经济教材译丛 |
| 510 | 1 | @aInternational economics@zeng |
| 606 | 0 | @a国际经济学@Aguo ji jing ji xue |
| 606 | 0 | @a国际经济学@Aguo ji jing ji xue@j教材 |
| 690 | @aF11-0@v4 | |
| 701 | 1 | @c(美)@aAppleyard,@bD. R.@g(Appleyard, Dennis R.)@4著 |
| 701 | 1 | @c(美)@a菲尔德,@Afei er de@bA. J.@g(Field, Alfred J.)@4著 |
| 701 | 1 | @c(美)@aField,@bA. J.@g(Field, Alfred J.)@4著 |
| 701 | 1 | @c(美)@a阿普尔亚德,@Aa pu er ya de@bD. R.@g(Appleyard, Dennis R.)@4著 |
| 702 | 0 | @a陈琛@Achen chen@4译 |
| 702 | 0 | @a高倩倩@Agao qian qian@4译 |
| 702 | 0 | @a龚敏@Agong min@4译 |
| 801 | 0 | @aCN@c20061229 |
| 905 | @a10447@dF11-0@eA141 | |
| 国际经济学= International economics/(美)丹尼斯 R. 阿普尔亚德[Dennis R. Appleyard], (美)小艾尔佛雷德 J. 菲尔德[Alfred J. Field]著/龚敏, 陈琛, 高倩倩译.-北京:机械工业出版社,2003.7 |
| 12,619页;28cm.-(华章教育.经济教材译丛) |
| ISBN 7-111-12144-9:CNY76.00 |
| 本书全面系统地介绍了国际经济学的两大分支——国际贸易理论与政策、国际货币理论与政策的主要内容。 |
| ● |
| 相关链接 |
|
|
|
正题名:国际经济学
索取号:F11-0/A141
 
预约/预借
| 序号 | 登录号 | 条形码 | 馆藏地/架位号 | 状态 | 备注 |
| 1 | 639955 | 206399556 | 社科二线422/409社科库 66排3列3层/ [索取号:F11-0/A141] | 在馆 | |
| 2 | 639956 | 206399565 | 社科库409/400B社科库 3排3列2层/ [索取号:F11-0/A141] | 在馆 | |
| 3 | 639957 | 206399574 | 社科库409/409社科库 66排3列3层/ [索取号:F11-0/A141] | 在馆 |